00569cam a2200169 4500001001100000008004100011035001600052050002100068100002400089245007400113260002800187300001700215440006300232500001500295504003700310650005200347BFIL008157 1973 spa  a BFIL008157 4aPQ6144bN67 19731 aNora, Eugenia G. de 3aLa Novela Española contemporanea (1939-1967) /cEugenio G. de Nora. aMadrid :bGredos,c1973 aV. ;c20 cm. 0aBiblioteca Romanica Hispanica : II Estudios y ensayos ; 41 a1 ejemplar aIncluye apendice, indice y notas 4aNovela EspañolaxSiglo XXxHistoria y critica